| 000 | 00968nam a2200253 a 4500 | ||
|---|---|---|---|
| 001 | 76630 | ||
| 003 | BD-RjUL | ||
| 005 | 20211209082851.0 | ||
| 008 | 191226s1994 bg a|||| b||| 00| 0bben d | ||
| 020 |
_a9841103028 _c: Tk. 150.00 |
||
| 035 | _a(BD-RjUL)76854 | ||
| 040 |
_aBD-RjUL _bben/eng _cBD-RjUL _dBD-RjUL |
||
| 041 | _aben | ||
| 082 |
_223 _a297.63 _bMOB 1994 |
||
| 100 | 1 |
_aমোস্তফা, গোলাম _9236991 |
|
| 245 | 1 | 0 |
_aবিশ্বনবী / _cগোলাম মোস্তফা |
| 250 | _a২৬তম সং | ||
| 260 |
_aঢাকা : _bআহমদ পাবলিশিং হাউস, _c১৯৯৪ |
||
| 300 |
_a৪২৭, [১] পৃ. : _bচিত্র ; _c২২ সেমি. |
||
| 504 | _aগ্রন্থপঞ্জি সংযুক্ত | ||
| 600 |
_aহযরত মুহাম্মদ (সা) _xজীবনী _9236992 |
||
| 600 |
_aHazrat Muḥammad (SM) _xBiography _9236993 |
||
| 942 |
_2ddc _cRAR |
||
| 999 |
_c76630 _d76630 |
||